000 00657nam a2200193Ii 4500
003 JO-AjNU
008 230605s9999||||xx |||||||||||||| ||und||
040 _aJO-AjNU
_bara
_erda
_cJO-AjNU
041 _aara
050 1 4 _aBP165.5.M8364 1986
100 3 _aسالم، محمد عزيز نظمي,
_eauthor
_99176
245 0 0 _aالثقافة والعقيدة الإسلامية
264 3 1 _aالاسكندرية: مؤسسة شباب الجامعة، 1986
300 _a198ص
336 _atext
_btxt
_2rdacontent
337 _aunmediated
_bn
_2rdamedia
338 _avolume
_bnc
_2rdacarrier
650 4 _aفرق اسلامية- ثقافة اسلامية
_99177
999 _aA1164
_c4732
_d4732